000 00506nam a2200169Ia 4500
008 090201s9999 xx 000 0 und d
010 _aKPL-47468
040 _bमराठी
041 _aमराठी
082 _a31702
_b47468
100 _aशशिकला मेहता
245 _aतुळसा
_cशशिकला मेहता
260 _c2004
_bदिलीपराज प्रकाशन
300 _a207
_bमोठा
600 _aतुळसा
942 _cBOOK
999 _c230102
_d230102